MDQL
is popping MORE tags! Check the
thread
!
Quizzes
Events
Quiz Creation
Community
Videos
Private Events
Remove Ads
Sign In
Join for FREE
Feedback
Dark Mode
Quiz Categories
Sports
Geography
Music
Movies
Television
Just For Fun
Miscellaneous
History
Literature
Language
Science
Gaming
Entertainment
Religion
Holiday
For Kids
Quiz Lab
Recent
Popular Today
Quiz Kudos Today
Editor Picks
Curator Picks
Quizzes by...
Day
Popularity
Type
Ratings
Length
Year
Community
Subscriptions
Recent Discussions
Orange Saloon
Badges
Playlists
Quests
Create
Leaderboards
Showdown
Live 5
Trivia Bingo
Activity
Puzzle Library
Sporcle Events
Private Events
Virtual Trivia
Globe League
Become a Host
Pub Owners
SporcleCon
Opinionation
Our Games
Videos
Blog
Mobile Apps
Partnerships
Remove Ads and Go Orange
Feedback
Television
TV Characters
TV Show
Sitcom
Network
Friends
Reality Shows
Cast
South Park
Star Trek
The Simpsons
Doctor Who
Television
TV Characters
TV Show
Sitcom
Network
Friends
Reality Shows
Cast
South Park
Star Trek
The Simpsons
Doctor Who
Random Quiz
Search Sporcle
×
Quiz Lab
Quiz Lab
Television
Brooklyn Nine-Nine
Type in answers that appear in a list
Type in answers that appear in a list
Classic
Best Score? Go Orange.
Brooklyn Nine Nine Stats
Can you name all of the characters from Brooklyn Nine Nine?
By
mulak_andy
5m
22 Questions
1,430 Plays
1,430 Plays
1,430 Plays
Comments
Comments
Give Quiz Kudos
Give Quiz Kudos
-
- Ratings
hide this ad
Replay
Link that replays current quiz
Next Quiz
Link to next quiz in quiz playlist
You Got
0%
They Got
Avg Score
56%
Avg Friend Score
Upgrade to see
Score Distribution
Jump to the score distribution portion of the page
Score
0/22
Timer
05:00
0
Plays Today
Characters
% Correct
Jake Peralta
96.6%
Amy Santiago
94.7%
Charles Boyle
92.1%
Rosa Diaz
91.4%
Deputy Chief Madeline Wuntch
91.2%
Terry Jeffords
87.2%
Captain Ray Holt
83.6%
Scully
77%
Hitchcock
76.8%
Gina Linetti
75.4%
The Vulture
61.6%
Characters
% Correct
Doug Judy
53.6%
Nikolaj Boyle
52.2%
Kevin Cozner
48.1%
Sharon Jeffords
45.7%
Adrian Pimento
45.6%
Teddy Wells
16.9%
Marcus
15.9%
Vivian Ludley
11.9%
Genevieve Mirren-Carter
8.6%
Captain Jason Stentley
7.2%
Hank
6.3%
Quiz Playlist
Details
Report
Send in Message
Add To Playlist
Classic:
Type in answers that appear in a list
Last Updated: Jul 17, 2019
Quiz Scoreboard
CHALLENGE
Sign Up to Join the Scoreboard
Show All
Scores
Hide
Comments
May contain spoilers
Recently Published
Find the 'City' Movie
by crazypaving
Movies
60s
5x2 Blitz: Bands
by SL_Kpop136
Music
30s
Colored Red Africa Blitz
by spor1
Geography
30s
More to Explore
Quiz From the Vault
Featured Blog Post
14 Easter Pick-up Lines to Find Eggs With
hide this ad
You Might Also Like...
Tags
Andy Samberg
Brooklyn
Brooklyn Nine-Nine
NBC
Today's Top Quizzes in Television
Browse Television
hide this ad
Today's Top Quizzes in Brooklyn Nine-Nine
Browse Brooklyn Nine-Nine
Top Contributed Quizzes in Television
1
Survivor Journey Challenge
2
Brooklyn Nine Nine Logic Puzzle (How-To-Play)
3
Phoebe Buffay Quotes
4
One Tree Hill Logic Puzzle
5
Survivor Logic Puzzle: Heroes vs. Villains
6
Survivor Trivia
7
Game of Thrones: Tywin Lannister Start to Finish
8
All US Survivor Seasons in Order
9
Emmerdale Characters (from August 2012)
10
Survivor Trivia #6: Criteria Quiz!
Explore More
Trending Topics
Marvel
NBA
Anime
Crossword
Kpop
Disney
Harry Potter
Pokémon
Soccer
WWE
Song
The Office
Puzzle
Country
NFL
hide this ad
More By:
mulak_andy
Quiz
Plays
Rating
Category
Featured
Created
Brooklyn Nine Nine
1,430
1.27
Television
Jul 16, 2019
Neotheater by AJR
320
4.20
Music
Jul 17, 2019
Power Rangers: RPM (Get in Gear)
306
Television
Jul 16, 2019
Marvel Cinematic Universe
262
1.00
Movies
Jul 13, 2019
Power Rangers: Jungle Fury
226
Television
Jul 13, 2019
Go to Creator's Profile
Score Distribution
Quiz Creator Spotlight
mulak_andy
Follow
Send a Message
Quizzes Created
-
Created Quiz Play Count
-
More By This Creator
Popular Quizzes Today
1
Find the 'City' Movie
2
Colored Red Africa Blitz
3
5x2 Blitz: Bands
4
Find the US States - No Outlines Minefield
5
The Countries of the World
6
Find the US States
7
US States
8
9x9 Crossword: Cartoon Network
More Television Quizzes
Missing Word: 1980s TV Shows
Quiz Lab
Trending Quizzes
Colored Red Europe Blitz I
Colored Red Africa Blitz II
Colored Red Europe Blitz II
Colored Red Europe Blitz III
Colored Red Africa Blitz III
Recently Updated
Famous TV Couples
Peacemaker
Champions League XIs: Real Madrid
pecheneg
Largest US Cities 1790-2010
pecheneg
Rides in Walt Disney World
pecheneg
Most Oscar Losses (Acting)
pecheneg
Beyoncé Albums
pecheneg
Leaping Animals
pecheneg
Reality TV Shows (A-Z)
bhenderson79
Rickey Henderson's Hall of Fame Teammates
pecheneg
Champions League XIs: Arsenal
pecheneg
Trending Topics
Anime
Disney
NBA
Harry Potter
Crossword
Marvel
Kpop
Pokémon
The Office
NFL
Puzzle
Country
Song
WWE
Soccer
Your Account Isn't Verified!
In order to create a playlist on Sporcle, you need to verify the email address you used during registration. Go to your
Sporcle Settings
to finish the process.
Report this User
Report this user for behavior that violates our
Community Guidelines
.
Details:
Send Report
Go to the Sporcle.com Mobile Site →
Comments